00987nam a2200181Ia 4500008004100000020001800041050002100059100003700080245015000117260004900267300002900316500005500345504003300400505025800433650001900691650005100710700004400761120626s9999 xx 000 0 und d a978970817066604aHF1379bV39 2007 aVázquez Sandoval Manueleautor10aComercio internacionalb : texto orientado a las carreras de gestión empresarialc / Manuel Vázquez Sandoval, Raúl Javier Madrigal Preciado aMéxicob : Grupo Editorial Patriac , 2007 ax ; 142 páginasbilus. aIncluye: Índice general Prólogo Introducción aBibliografía (pp. 139-142) aFundamentos del comercio internacional Flujos monetarios relacionados con el comercio internacional Relaciones comerciales internacionales Estrategias competitivas en el comercio internacional Participación de las empresas en el comercio internacional 0aMERCADO GLOBAL 0aRELACIONES COMERCIALESxÁMBITO INTERNACIONAL aMadrigal Preciado, Raúl Javiereautor